000 00315nam a22001097a 4500
999 _c515947
_d515947
082 _aTNC B14 D954
100 _aDutt, Vijay
_922223
245 _aInvisible forgotten sufferers :
_bThe plight of widows around the world
_cby Vijay Dutt
260 _aNew Delhi
_bKonark
_c2010
300 _a165p.
650 _aWidows
_923501